Պանդուխտ հոգիներ / (Record no. 12475)
[ view plain ]
| 000 -LEADER | |
|---|---|
| fixed length control field | 00874nam a2200229 a 4500 |
| 001 - CONTROL NUMBER | |
| control field | 000028344 |
| 003 - CONTROL NUMBER IDENTIFIER | |
| control field | AM-YEHGA |
| 005 - DATE AND TIME OF LATEST TRANSACTION | |
| control field | 20250618070918.0 |
| 008 - FIXED-LENGTH DATA ELEMENTS--GENERAL INFORMATION | |
| fixed length control field | 971030s1958 ai |||||||||||||||||arm|d |
| 020 ## - INTERNATIONAL STANDARD BOOK NUMBER | |
| Terms of availability | 500.00 |
| 040 ## - CATALOGING SOURCE | |
| Original cataloging agency | AM-YeHGA |
| 041 0# - LANGUAGE CODE | |
| Language code of text/sound track or separate title | arm |
| 090 ## - LOCALLY ASSIGNED LC-TYPE CALL NUMBER (OCLC); LOCAL CALL NUMBER (RLIN) | |
| -- | 12572 |
| 100 1# - MAIN ENTRY--PERSONAL NAME | |
| Personal name | Նուրիկյան, Բենիամին Ղազարի, |
| Dates associated with a name | 1894-1988 |
| 9 (RLIN) | 6351 |
| 245 10 - TITLE STATEMENT | |
| Title | Պանդուխտ հոգիներ / |
| Statement of responsibility, etc. | Բ. Նուրիկյան ; Կազմ.՝ Պ. Սելյան ; Խմբ.՝ Ս. Պայազատ. |
| 260 ## - PUBLICATION, DISTRIBUTION, ETC. | |
| Place of publication, distribution, etc. | Երևան : |
| Name of publisher, distributor, etc. | Հայպետհրատ, |
| Date of publication, distribution, etc. | 1958. |
| 300 ## - PHYSICAL DESCRIPTION | |
| Extent | 229 էջ : |
| Other physical details | դիմանկ. ; |
| Dimensions | 21 սմ. |
| 650 14 - SUBJECT ADDED ENTRY--TOPICAL TERM | |
| Topical term or geographic name entry element | Սփյուռքահայ գրականություն |
| General subdivision | Պատմվածք |
| 700 1# - ADDED ENTRY--PERSONAL NAME | |
| Personal name | Սելյան, Պատրիկ Աբրահամի |
| Relator term | կազմ. |
| Relationship | com |
| 700 1# - ADDED ENTRY--PERSONAL NAME | |
| Personal name | Պայազատ, Սերգո Արտաշեսի, |
| Dates associated with a name | 1909-1971 |
| Relator term | խմբ. |
| Relationship | edt |
| 942 ## - ADDED ENTRY ELEMENTS (KOHA) | |
| Source of classification or shelving scheme | Universal Decimal Classification |
| Koha item type | Գրքեր / Books |
| Withdrawn status | Lost status | Damaged status | Not for loan | Collection | Home library | Current library | Date acquired | Total checkouts | Full call number | Barcode | Date last seen | Price effective from | Koha item type | Public note |
|---|---|---|---|---|---|---|---|---|---|---|---|---|---|---|
| General | Fundamental Scientific Library | Fundamental Scientific Library | 21/12/2016 | AII/28902 | 220028902 | 21/12/2016 | 21/12/2016 | Գրքեր / Books | 30 Days Loan | |||||
| General | Fundamental Scientific Library | Fundamental Scientific Library | 21/12/2016 | AII/28903 | 220028903 | 21/12/2016 | 21/12/2016 | Գրքեր / Books | 30 Days Loan | |||||
| General | Fundamental Scientific Library | Fundamental Scientific Library | 21/12/2016 | AII/28904 | 220028904 | 21/12/2016 | 21/12/2016 | Գրքեր / Books | 30 Days Loan | |||||
| General | Fundamental Scientific Library | Fundamental Scientific Library | 21/12/2016 | AII/36188 | 220036188 | 21/12/2016 | 21/12/2016 | Գրքեր / Books | 30 Days Loan |
ՀՀ Գիտությունների ազգային ակադեմիայի հիմնարար գիտական գրադարան = Fundamental Scientific Library of NAS RA
All site content, except where otherwise noted, is licensed under a